Es-tu un vrai fan de BABYMONSTER ? - Statistiques

Statistiques générales
  • Ce quiz a été pris 1 675 fois
  • Le résultat moyen est 5 sur 12
Statistiques - réponses
Date de sortie Chanson % Correct
2024(BABYMONS7ER) Sheesh
80%
2023(BABYMONS7ER) Batter Up
76%
2023 (Pre-debutsong) Dream
63%
2024(BABYMONS7ER) Like That
57%
2023 (Cover-Ruka, Pharita, Ahyeon) Gone
48%
2024(BABYMONS7ER) Stuck In The Middle
48%
2023 (Cover-Asa, Haram, Rora, Chiquita) Stay
35%
2024(BABYMONS7ER- Intro) Monsters
31%
2023 (Cover) Don't Know What To Do
13%
2024(BABYMONS7ER) Stuck In The Middle(Remix)
7%
2024(BABYMONS7ER) Batter Up (7 vers.)
5%
2024(BABYMONS7ER) Stuck In The Middle(7 vers.)
4%
Aucun quiz correspondant
Distribution des résultats
% des personnes avec chaque résultat
Percentile par nombre de réponses
Votre historique - résultats
Vous n’avez pas pris ce quiz